|
|
|
|
| LEADER |
01953nam a2200481 i 4500 |
| 001 |
001597684 |
| 003 |
CZ BrMZK |
| 005 |
20181120123700.0 |
| 006 |
m q d |
| 007 |
co cg |
| 008 |
171005s2017 xr ac e 100 0 cze |
| 020 |
|
|
|a 978-80-7560-052-3
|q (CDR)
|
| 040 |
|
|
|a BOA001
|b cze
|e rda
|
| 041 |
0 |
|
|a cze
|a eng
|
| 072 |
|
7 |
|a 537.6/.8
|x Magnetismus. Elektromagnetismus
|2 Konspekt
|9 6
|
| 080 |
|
|
|a 537.87
|2 MRF
|
| 080 |
|
|
|a 576.7
|2 MRF
|
| 080 |
|
|
|a (062.534)
|2 MRF
|
| 080 |
|
|
|a (0.034.44)
|2 MRF
|
| 111 |
2 |
|
|a Šíření elektromagnetických vln v biologických tkáních (seminář)
|d (2017 :
|c Pardubice, Česko)
|7 olak2017967082
|4 aut
|
| 245 |
1 |
0 |
|a Šíření elektromagnetických vln v biologických tkáních :
|n 18. seminář : sborník : Pardubice, 11. května 2017
|
| 250 |
|
|
|a Vydání: první
|
| 264 |
|
1 |
|a Pardubice :
|b Univerzita Pardubice,
|c [2017]
|
| 300 |
|
|
|a 1 CD-ROM :
|b ilustrace (převážně barevné), portréty ;
|c 12 cm
|
| 336 |
|
|
|a text
|b txt
|2 rdacontent
|
| 337 |
|
|
|a počítač
|b c
|2 rdamedia
|
| 338 |
|
|
|a počítačový disk
|b cd
|2 rdacarrier
|
| 347 |
|
|
|a textový soubor
|b PDF
|2 rda
|
| 500 |
|
|
|a Název z disku
|
| 500 |
|
|
|a Nad názvem: Univerzita Pardubice, Dopravní fakulta Jana Pernera, IEEE
|
| 504 |
|
|
|a Obsahuje bibliografie a bibliografické odkazy
|
| 546 |
|
|
|a Částečně anglický text
|
| 650 |
0 |
7 |
|a elektromagnetické vlny
|7 ph119882
|2 czenas
|
| 650 |
0 |
7 |
|a šíření rádiových vln
|7 ph165189
|2 czenas
|
| 650 |
0 |
7 |
|a tkáně
|7 ph167624
|2 czenas
|
| 655 |
|
7 |
|a sborníky konferencí
|7 fd133333
|2 czenas
|
| 655 |
|
7 |
|a CD-ROM
|7 fd133955
|2 czenas
|
| 710 |
2 |
|
|a Univerzita Pardubice.
|b Dopravní fakulta Jana Pernera
|7 kn20010709380
|4 orm
|4 isb
|
| 710 |
2 |
|
|a Československá sekce IEEE
|7 ko2009524858
|4 orm
|
| 856 |
4 |
1 |
|u http://www.digitalniknihovna.cz/mzk/view/uuid:89155e17-deb7-4fcf-9393-5da0e601656c
|y Digitalizovaný dokument
|
| 910 |
|
|
|a BOA001
|b CDR-1395.811
|
| 990 |
|
|
|a BK
|
| 991 |
|
|
|b 201801
|c NOV
|